| 000 | 01161nam a22002057a 4500 | ||
|---|---|---|---|
| 003 | JO-AjAnu | ||
| 005 | 20250714130047.0 | ||
| 008 | 250713b jo ||||| |||| 00| 0 ara d | ||
| 040 |
_aJO-AjAnu _bara _cJO-AjAnu _dJO-AjAnu _erda |
||
| 041 |
_aara _eara _hara |
||
| 050 |
_aKMM115.2 _b2025 |
||
| 100 | 1 |
_aالمومني، ابراهيم عاطف محمود _eمعد _966545 |
|
| 245 | 0 |
_aالمسؤولية الجنائية لإدارة مواقع ومنصات التواصل الالكترونية : (دراسة تحليلية) = Criminal Responsibility of Managing Electronic Websites and Social Media Platforms : (An Analytical Study) / _cاعداد ابراهيم عاطف محمود المومني ؛ اشراف هاشم بلص |
|
| 260 | _c2025 | ||
| 300 | _a124 ورقة | ||
| 504 | _aرسالة جامعية(رسالة ماجستير) - جامعة عجلون الوطنية، (عجلون، الاردن) كلية الحقوق، قسم القانون، 2025. | ||
| 650 | 0 |
_aالقانون الجنائي-الانترنت-قوانين وتشريعات-الاردن. _966546 |
|
| 700 | 0 |
_aبلص، هاشم احمد _eمشرف _966044 |
|
| 942 |
_2lcc _cTHS _n0 |
||
| 999 |
_c33917 _d33917 |
||